Highest Mountain Ranges in the US - Statistics

General Stats
  • This quiz has been taken 13 times
  • The average score is 5 of 10
Answer Stats
Height Answer % Correct
20,322 ft Alaska
73%
14,417 ft Cascade
73%
14,505 ft Sierra Nevada
73%
14,321 ft San Juan
55%
19,551 ft St Elias
55%
16,390 ft Wrangell
45%
14,279 ft Elk
27%
14,351 ft Sangre de Cristo
27%
14,293 ft Mosquito
18%
14,440 ft Sawatch
18%
No matching quizzes found
Score Distribution
Percent of People with Each Score
Percentile by Number Answered
Your Score History
You have not taken this quiz